| 000 | 00377nam a22001457a 4500 | ||
|---|---|---|---|
| 008 | 150409b xxu||||| |||| 00| 0 eng d | ||
| 020 | _a9780199280025 | ||
| 082 | _a344.01 BAR | ||
| 245 |
_aEC employment law / _cCatherine Barnard |
||
| 250 | _a3rd ed. | ||
| 260 |
_aLondon : _bOxford , _cc2006. |
||
| 300 |
_acxxxiii,798p. _c24cm. |
||
| 500 | _aincludes index | ||
| 942 |
_2ddc _cBK |
||
| 999 |
_c5989 _d5989 |
||